Lokalizačné faktory a ich vplyv na hodnotu podniku

Lokalizačné faktory podniku nie sú stredobodom pozornosti len priestorovej ekonomiky, ale i centrom záujmu znalectva a znaleckej činnosti, nakoľko je i okolie podniku a jeho lokalita považovaná za jeden z faktorov pôsobiacich na hodnotu podniku.

Uložené v:
Podrobná bibliografia
Hlavný autor: Kubica, Milan, 1958-
Ďalší autori: Švejdová, Nikola
Médium: Kapitola
Jazyk:Slovak
Predmet:
Tagy: Pridať tag
Žiadne tagy, Buďte prvý, kto otaguje tento záznam!

MARC

LEADER 00000nla a2200000 4500
001 0214505
005 20240502073603.5
041 0 |a slo 
044 |a SK 
245 1 0 |a Lokalizačné faktory a ich vplyv na hodnotu podniku  |c Milan Kubica, Nikola Švejdová 
520 |a Lokalizačné faktory podniku nie sú stredobodom pozornosti len priestorovej ekonomiky, ale i centrom záujmu znalectva a znaleckej činnosti, nakoľko je i okolie podniku a jeho lokalita považovaná za jeden z faktorov pôsobiacich na hodnotu podniku. 
610 2 0 |a lokalizácia 
610 2 0 |a ekonomika priestorová 
610 2 0 |a rozmiestenie podnikov 
610 2 0 |a diagnostika podniková 
610 2 0 |a hodnota podniku 
610 2 0 |a ohodnocovanie podniku 
610 2 0 |a znalectvo 
100 1 |a Kubica, Milan, 1958- 
700 1 |a Švejdová, Nikola